Las paradojas y contradicciones del comercio internacional /
Guardat en:
| Autor principal: | |
|---|---|
| Format: | Text |
| Matèries: | |
| Etiquetes: |
Afegir etiqueta
Sense etiquetes, Sigues el primer a etiquetar aquest registre!
|
MARC
| LEADER | 00000 a a2200000 04500 | ||
|---|---|---|---|
| 001 | 13116 | ||
| 003 | |||
| 040 | |||
| 100 | |a Ricupero, Rubens | ||
| 245 | |a Las paradojas y contradicciones del comercio internacional / |c Rubens Ricupero | ||
| 650 | |a COMERCIO | ||
| 650 | |a ACUERDOS INTERNACIONALES | ||
| 650 | |a NEGOCIACIONES COMERCIALES | ||
| 650 | |a INSTITUCIONES FINANCIERAS | ||
| 773 | |g volumen 7, número 5; páginas 18-20 | ||
| 999 | |c 26080 |d 26080 | ||
